| 000 | 00990nam0a22002891 4500 | ||
|---|---|---|---|
| 001 | v19\rc\1775789 | ||
| 005 | 20260406064142.0 | ||
| 035 | _a(NLR Aleph) 005250244 | ||
| 090 |
_a5796249 _c5796249 |
||
| 100 | _a20061204d1904 |||y0rusy50 ca | ||
| 101 | 1 |
_arus _cfre |
|
| 102 | _aRU | ||
| 105 | _ay z ||||| | ||
| 200 | 1 |
_aТартарен из Тараскона _fАльфонс Додэ |
|
| 210 |
_aСанкт-Петербург _cКонфект. и шокол. ф-ка С. Васильева _d1904 |
||
| 215 |
_a47 с. _d14х7 |
||
| 225 | 1 | _aШоколадная библиотека | |
| 532 | 1 | 3 | _aТартарен из Тараскона |
| 700 | 1 |
_8rus _7ca _aДоде _bА. _f1840-1897 _gАльфонс _3RU\NLR\AUTH\7723718 _96771 |
|
| 801 | 2 |
_aRU _bNLR _c20090702 _2rusmarc |
|
| 801 | 0 |
_aRU _bNLR _c20061204 _gpsbo |
|
| 801 | 0 |
_aRU _bRuMoRGB _c20061204 _2psbo |
|
| 801 | 1 |
_aRU _bProSoft-M _c20061204 _2rusmarc |
|
| 852 |
_aNLR _j34.83.5.390 |
||
| 942 | _cBOOK | ||
| 980 | _aNB | ||